Sports par lettre - A - Statistiques

Statistiques générales
  • Ce quiz a été pris 207 fois
  • Le résultat moyen est 3 sur 12
Statistiques - réponses
Réponse % Correct
Athlétisme
88%
Aviron
65%
Aïkido
24%
Alpinisme
21%
Aviation
20%
Aquagym
17%
Accrobranche
16%
Automobile
14%
Apnée
11%
Acrosport
10%
Airsoft
5%
Aquabiking
1%
Aucun quiz correspondant
Distribution des résultats
% des personnes avec chaque résultat
Percentile par nombre de réponses
Votre historique - résultats
Vous n’avez pas pris ce quiz